| 000 | 00354nam a2200133Ia 4500 | ||
|---|---|---|---|
| 008 | 191201s2014 xx 000 0 und d | ||
| 100 | _aCOMER, Douglas E | ||
| 245 | 0 | _aInternetworking with TCP/IP Principles, Protocols and Architecture | |
| 250 | _a6th | ||
| 260 |
_aNew Delhi _bPHI _c2014 |
||
| 300 | _a698 | ||
| 650 | _aM.Tech(CSE) | ||
| 942 |
_2ddc _cBK _01 |
||
| 999 |
_c5985 _d5985 |
||